| 000 | 00793nam a2200229 i 4500 | ||
|---|---|---|---|
| 001 | 169300 | ||
| 003 | ES-MaACL | ||
| 005 | 20250911062844.0 | ||
| 008 | 080829s2007 sp |||| | spa d | ||
| 017 | _aM-49.008-2007 | ||
| 020 | _a978-84-7522-664-4 | ||
| 080 | _a821.134.2-14"19" | ||
| 100 | 1 |
_aMínguez Arnáiz, Itzíar. _9138399 |
|
| 245 | 1 | 0 |
_aLuz en ruinas / _cItzíar Mínguez Arnáiz. |
| 260 |
_aMadrid : _bVisor Libros, _c2007. |
||
| 300 |
_a55 p. ; _c20 cm. |
||
| 490 | 1 |
_aColección Visor de poesía ; _v664 |
|
| 500 | _a"XVII Premio de Poesía 'Jaime Gil de Biedma', de la Diputación Provincial de Segovia, Accésit del Ayuntamiento de Segovia" | ||
| 830 | 0 |
_aColección Visor de poesía _v664 _9177331 |
|
| 852 | 4 |
_aES-MaACL _jL-29660 _9R.143164 |
|
| 999 |
_c169300 _d169300 |
||